Formula 1 drivers with most wins on different circuits - Statistics

General Stats
  • This quiz has been taken 237 times
  • The average score is 17 of 25
Answer Stats
Number of circuits
where this driver won
Driver % Correct
31 Hamilton
99%
23 Schumacher
99%
23 Verstappen
97%
17 Senna
95%
22 Prost
92%
21 Vettel
92%
19 Alonso
91%
15 Lauda
81%
15 Raikkonen
80%
11 Fangio
78%
17 Rosberg
76%
15 Hill
74%
14 Hakkinen
73%
19 Mansell
72%
12 Button
70%
14 Stewart
66%
14 Piquet
64%
11 Fittipaldi
60%
13 Clark
58%
11 Moss
46%
10 Coulthard
45%
12 Brabham
44%
11 Andretti
36%
10 Jones
35%
10 Reutemann
18%
No matching quizzes found
Score Distribution
Percent of People with Each Score
Percentile by Number Answered
Your Score History
You have not taken this quiz